00471nam a2200169Ia 4500008004100000040001900041041001200060082002100072100002000093245005900113250001200172260003400184300002300218504001900241650002100260850002000281131103s9999 xx 000 0 und d aLoreto College aEnglish a940.2/GUGbLCLIB aGuggenberger, A 2aA general history of the christian eracA Guggenberger a9th ed. aNew YorkbB herder Bookc1918 aV.3b ill.c 23cm. aIncludes index aEurope - History aLCLIB/940.2/GUG